Missing Word: What’s Up? Quiz Stats

 Plays Quiz Updated Jun 15, 2014

Support Sporcle.
Go Orange.
Score 0/16 Timer 02:00
0 Plays Today
% Correct
Girl
94.3%
Air
90.2%
Give
89.2%
Doc
81.3%
There
80%
Belong
75.3%
Smoke
71.4%
Break
70.3%
% Correct
Knocked
70%
Make
66.8%
Shake
36.8%
You
36%
Step
33.8%
Word
20.6%
Stir
19.4%
Fired
6.8%

Today's Daily Dose

Quick Pick
Nissan Models

Get the Picture
Amazing Trees

From the Vault

Movies by Three Unnamed Characters IV

by Qaqaq

Movies 5m
It would be just like if The Good, The Bad, and The Ugly were all bit parts in the movie.
Remove Ads.
Support Sporcle.
Get the best of Sporcle when you Go Orange. This ad-free experience offers more features, more stats, and more fun while also helping to support Sporcle. Thank you for becoming a member.

Show Comments

Extras

Top Quizzes Today


Score Distribution

Your Account Isn't Verified!

In order to create a playlist on Sporcle, you need to verify the email address you used during registration. Go to your Sporcle Settings to finish the process.

Report this User

Report this user for behavior that violates our Community Guidelines.

Details: